| 000 | 01113nam a2200217Ii 4500 | ||
|---|---|---|---|
| 003 | JO-AjNU | ||
| 008 | 230605s9999||||xx |||||||||||||| ||und|| | ||
| 040 |
_aJO-AjNU _bara _erda _cJO-AjNU |
||
| 041 | _aara | ||
| 050 | 1 | 4 | _aBP10 2017 |
| 100 | 3 |
_aهيئة علماء المسلمين في العراق, _eauthor _956881 |
|
| 245 | 0 | 0 | _aمبادرة هيئة علماء المسلمين في العراق مشروع (العراق الجامع) |
| 250 | _aط1 | ||
| 264 | 3 | 1 | _aد.م:مؤسسة البصائر للطباعة والنشر والتوزيع، 2017 |
| 300 |
_aاللغة العربية23ص؛ اللغات الاخرى62ص _bتحتوي على النص العربي ص9-23؛ النص الانجليزي ص3-21؛ النص الفرنسي ص23-42؛ النص التركي ص43-62 |
||
| 336 |
_atext _btxt _2rdacontent |
||
| 337 |
_aunmediated _bn _2rdamedia |
||
| 338 |
_avolume _bnc _2rdacarrier |
||
| 490 | 0 | _aهيئة علماء المسلمين في العراق/قسم الثقافة والاعلام اصدارات الهيئة 25 | |
| 650 | 4 |
_aالحركات الاسلامية- العراق _956882 |
|
| 999 |
_aA25457 _c29025 _d29025 |
||